Dovozný katalóg periodickej literatúry socialistických krajín

Bibliographic Details
Main Author: Tkáč, Štefan, 1931-1989 (Author)
Format: Article
Language:Slovak
PhysicalDescription:Lit. 3 zázn. v slov., ruš.
Subjects:

MARC

LEADER 00000nab a2200000 a 4500
001 vtls000189701
003 SK-MaSNL
005 20260302213047.0
008 111106c1984 xo 0 slo
015 |a SNBRB19rr/mm-uuuuu 
035 |a CL0199814 
040 |a SNKBUCL  |b slo  |c SNKBUCL  |e AACR2 
041 0 |a slo 
044 |a xo  |c SK 
080 |a 017.3:05(100-11)  |2 1981 
080 |a 05(100-11)  |2 1981 
100 1 |a Tkáč, Štefan,  |d 1931-1989  |4 aut  |9 38979 
245 1 0 |a Dovozný katalóg periodickej literatúry socialistických krajín  |c Štefan Tkáč 
300 |b Lit. 3 zázn. v slov., ruš. 
650 0 7 |a časopisy zahraničné  |2 snkbucl  |9 924567 
655 7 |a články z novín a časopisov  |2 snkbucl  |9 267496 
655 7 |a články z odboru knihovníctvo  |2 snkbucl  |9 166141 
773 0 |t Zahraničné periodiká v informačnej praxi  |g Roč. 3, č. 1 (1984), s. 35-39 
850 |a Slovenská národná knižnica v Martine  |a MTA001 
852 |a SNK  |b KIS3GCP 
958 |a RK 
958 |a KL 
992 |a RBX 
999 |c 1492012  |d 1493942